00000000nam##2200000za#4500
0019.612949
003CaOODSP
00520211126112846
007ta
008150406|1996||||xxc|||||     f|0| 0 eng|d
020 |a0-662-24416-8
022 |a1192-5434
040 |aCaOODSP|beng
043 |an-cn---
0861 |aFB3-2/96-5E
1102 |aBank of Canada.
24512|aA distant-early-warning model of inflation based on M1 disequilibria / |cby Jamie Armour et al., Department of Monetary and Financial Analysis.
260 |aOttawa - Ontario : |bBank of Canada |c1996.
300 |ai, 17p. : |bgraphs, references, table ; |c28 cm.
4901 |aWorking paper|x1192-5434|v96-5
500 |a"A vector error-correction model (VECM) that forecasts inflation between the current quarter and eight quarters ahead is found to provide significant leading information about inflation. The model focuses on the effects of deviations of M1 from its long-run demand but also includes, among other things, the influence of the exchange rate, a simple measure of the output gap and past prices."--Abstract.
5203 |aA vector error-correction model (VECM) that forecasts inflation between the current quarter and eight quarters ahead is found to provide significant leading information about inflation. The model focuses on the effects of deviations of M1 from its long-run demand but also includes, among other things, the influence of the exchange rate, a simple measure of the output gap and past prices.--Abstract
546 |aRésumés en français
563 |aSoftcover
590 |a96-18|b1996-05-03
69007|aInflation|2gcpds
7201 |aArmour, Jamie
7760#|tA distant-early-warning model of inflation based on M1 disequilibria / |w(CaOODSP)9.571652
830#0|aWorking paper,|x1192-5434|v96-5|w(CaOODSP)9.514622